000 00898cam a2200289 a 4500
999 _c5240
_d5240
001 655670
003 GZU
005 20210330114750.0
008 941212s1995 txua b 000 0 eng
010 _a 94067168
020 _a0030035627
040 _aDLC
_cDLC
_dDLC
050 0 4 _aQC21.3
_bSER 2012
082 0 0 _a530
_220
100 1 _aSerway, Raymond A.
_eAuthor
245 1 0 _aCollege physics /
_cRaymond A. Serway, Jerry S. Faughn.
250 _a4th ed.
260 _aAustralia
_bBrooks/ Cole Cengage
_c2012
300 _axxv, 1042, 30, 15 p. :
_bill. (some col.) ;
490 0 _aSaunders golden sunburst series
500 _aIncludes bibliographical references and index.
504 _aIncludes bibliographical references and index.
650 0 _aPhysics.
700 1 _aFaughn, Jerry S.
906 _a7
_bcbc
_corignew
_d3
_eopcn
_f19
_gy-gencatlg
942 _2lcc
_cBK
_e9th
_h21.3
_iSER
_kQC